Neziskové organizácie vybrané problémy ekonomiky a manažmentu neziskových organizácií
Salvato in:
| Autore principale: | |
|---|---|
| Ente Autore: | |
| Altri autori: | , , , |
| Natura: | Libro |
| Lingua: | slovacco |
| Pubblicazione: |
Bratislava
Vydavateľstvo EKONÓM
2018
|
| Edizione: | 1. vydanie |
| Soggetti: | |
| Tags: |
Nessun Tag, puoi essere il primo ad aggiungerne!!
|
MARC
| LEADER | 00000nam a2200000 4500 | ||
|---|---|---|---|
| 001 | 0250168 | ||
| 005 | 20240502074015.6 | ||
| 020 | |a 978-80-225-4587-7 | ||
| 041 | 0 | |a slo | |
| 044 | |a SK | ||
| 245 | 1 | 0 | |a Neziskové organizácie |b vybrané problémy ekonomiky a manažmentu neziskových organizácií |c Helena Majdúchová, Sylvia Bukovová, Dana Hrušovská ; recenzovali: Štefan Majtán, Daniela Rybárová |
| 250 | |a 1. vydanie | ||
| 264 | 1 | |a Bratislava |b Vydavateľstvo EKONÓM |c 2018 | |
| 300 | |a 219 s. [13,06 AH] | ||
| 610 | 2 | 0 | |a organizácie neziskové |
| 610 | 2 | 0 | |a hospodárstvo trhové |
| 610 | 2 | 0 | |a úpravy právne |
| 610 | 2 | 0 | |a riadenie podnikové |
| 610 | 2 | 0 | |a riadenie strategické |
| 610 | 2 | 0 | |a riadenie personálne |
| 610 | 2 | 0 | |a dobrovoľníctvo |
| 610 | 2 | 0 | |a legislatíva |
| 610 | 2 | 0 | |a zdroje finančné |
| 610 | 2 | 0 | |a podnikanie |
| 610 | 2 | 0 | |a marketing |
| 610 | 2 | 0 | |a účtovníctvo |
| 610 | 2 | 0 | |a štúdie prípadové |
| 610 | 2 | 0 | |a Slovensko |
| 100 | 1 | |a Majdúchová, Helena, 1963- | |
| 700 | 1 | |a Bukovová, Sylvia, 1959- | |
| 700 | 1 | |a Hrušovská, Dana, 1964- | |
| 700 | 1 | |a Majtán, Štefan | |
| 700 | 1 | |a Rybárová, Daniela, 1967- | |
| 710 | 2 | |a Ekonomická univerzita v Bratislave. Fakulta podnikového manažmentu | |